000
00182 a2200097 4500
001
10399
100
_a
B N P
245
_a
Aerology
260
_a
_b
USA Govt
_c
090
_c
8036
_d
8036
942
_a
NUST-CAE
_c
M
_c
34752
999
_c
245472
_d
245472